[Event "Saarland-ch C"]
[Site "Saarlouis Steinrausch"]
[Date "2005.03.18"]
[Round "1"]
[White "Schorr, Patrik"]
[Black "Pallier, Alfons"]
[Result "1-0"]
[WhiteElo "1285"]
[BlackElo "1503"]
[PlyCount "57"]
[EventDate "2005.03.18"]
[EventType "swiss"]
[EventRounds "9"]
[EventCountry "GER"]
[SourceTitle "EXT 2012"]
[Source "ChessBase"]
[SourceDate "2011.11.24"]
[SourceVersion "1"]
[SourceVersionDate "2011.11.24"]
[SourceQuality "1"]

1. e4 d6 2. d4 Nf6 3. f3 g6 4. Nc3 Bg7 5. Bg5 0-0 6. Bc4 c6 7. d5 Qa5 8. Bd2 Qc7 9. Bg5 h6 10. Be3 cxd5 11. Bxd5 Bd7 12. Nge2 Nxd5 13. Nxd5 Qd8 14. 0-0 Nc6 15. Qd2 g5 16. Ng3 e6 17. Nc3 Be8 18. Rad1 f5 19. f4 gxf4 20. Bxf4 Bd4+ 21. Kh1 h5 22. exf5 e5 23. Bg5 Qd7 24. Nd5 Qf7 25. c4 h4 26. Bxh4 Qg7 27. f6 Qg6 28. Rf5 Kf7 29. Rg5 1-0